Partidos Políticos España - Estadísticas

Estadísticas generales
  • Esta prueba ha sido intentada 53 veces
  • La puntuación promedio es 20 de 36
Estadísticas de respuestas
Imagen Respuesta % Correcto
Partido Popular
98%
Vox
98%
Partido Socialista Obrero Español
94%
Podemos
90%
Sumar
90%
Ciudadanos
88%
Se Acabó La Fiesta
81%
Izquierda Unida
77%
Más Madrid
77%
Junts per Catalunya
75%
Falange
73%
Teruel Existe
71%
Coalición Canaria
67%
Compromis
67%
Partido Nacionalista Vasco
67%
Unión del Pueblo Navarro
63%
Bloque Nacionalista Gallego
56%
Euskal Herria Bildu
54%
Chunta Aragonesista
52%
Unión del Pueblo Leonés
52%
Frente Obrero
50%
Esquerra Republicana de Catalunya
48%
Partido Regionalista de Cantabria
46%
Por Ávila
42%
Aliança Catalana
40%
Foro Asturias
40%
Adelante Andalucía
38%
Democracia Ourensana
38%
Geroa Bai
38%
Partido Aragonés
38%
Candidatura de Unitat Popular
25%
Nueva Canarias
25%
Partido Animalista Con el Medio Ambiente
25%
Agrupación Herreña Independiente
19%
España Vaciada
19%
Agrupación Socialista de la Gomera
10%
No se encontraron pruebas coincidentes
Distribución de puntuación
Porcentaje de gente con cada puntuación
Porcentaje por número respondido
Historial de tus puntuaciones
No has intentado esta prueba.